[Event "ch-ARG Najdorf mem"]
[Site "Buenos Aires ARG"]
[Date "1999.11.21"]
[Round "3"]
[White "Slipak,S"]
[Black "Rubinetti,J"]
[Result "1/2-1/2"]
[WhiteElo "2521"]
[BlackElo "2432"]

1.d4 Nf6 2.c4 g6 3.Nc3 Bg7 4.e4 d6 5.Nf3 O-O 6.Be2 e5 7.d5 a5 8.Bg5 h6 9.Bh4 Na6
10.Nd2 Bd7 11.a3 Qe8 12.O-O Nh7 13.Kh1 h5 14.f3 Bh6 15.Qc2 Be3 16.Rab1 a4
17.Nb5 b6 18.Rbd1 Bxb5 19.cxb5 Nc5 20.Nc4 Bg5 21.Bf2 Qe7 22.Bxc5 bxc5 23.b3 axb3
24.Qxb3 h4 25.a4 Nf6 26.a5 Nh5 27.Rfe1 Bf4 28.Bf1  1/2-1/2

[Event "V Open"]
[Site "Lisbon POR"]
[Date "1999.11.21"]
[Round "9"]
[White "Ubilava,E"]
[Black "Del Rey,D"]
[Result "1/2-1/2"]
[WhiteElo "2556"]
[BlackElo "2369"]

1.Nf3 Nf6 2.c4 g6 3.Nc3 Bg7 4.e4 d6 5.d4 O-O 6.Be2 e5 7.Be3 Ng4 8.Bg5 f6
9.Bh4 Qe8 10.d5 f5 11.Nd2 Nf6 12.f3 a5 13.g4 Na6 14.h3 Kh8 15.Bd3 c6 16.Qe2 Nb4
17.Bb1 Bd7 18.Bg5 cxd5 19.cxd5 b5 20.Be3 Na6 21.Bd3 Nb4 22.Bb1 Na6 23.Bd3 Nb4
24.Bb1  1/2-1/2

[Event "ch-ARG Najdorf mem"]
[Site "Buenos Aires ARG"]
[Date "1999.11.25"]
[Round "6"]
[White "Soppe,G"]
[Black "Ricardi,P"]
[Result "0-1"]
[WhiteElo "2448"]
[BlackElo "2474"]

1.d4 Nf6 2.c4 g6 3.Nc3 Bg7 4.e4 d6 5.Nf3 O-O 6.Be2 Nbd7 7.O-O e5 8.Rb1 c6
9.b4 exd4 10.Nxd4 Re8 11.Bg5 h6 12.Bh4 Nb6 13.Nb3 Nxe4 14.Bxd8 Nxc3 15.Qxd6 Nxe2+
16.Kh1 Nxc4 17.Qd3 Bf5 18.Qxc4 Bxb1 19.Rxb1 Raxd8 20.g3 Nc3 21.Rf1 Re4 22.Qc5 Nb5
23.a4 Rd5 24.Qc2 Nc3 25.a5 a6 26.h4 h5 27.Kg2 Rxb4 28.Re1 Ra4 29.Re8+ Kh7
30.Nc1 Raxa5 31.Re7 Rf5 32.Rxb7 Rab5 33.Ra7 Bd4 34.Rxa6 Rxf2+ 35.Qxf2 Bxf2
36.Kxf2 Rf5+ 37.Kg2 Nd1 38.Rxc6 Ne3+ 39.Kg1 Rf3 40.Rc7 Kg7 41.Nd3 Ng4 42.Nf4 Rxg3+
43.Kh1 Re3 44.Kg2 Re5 45.Ra7 Ne3+ 46.Kh3 Nf5 47.Ng2 Rb5 48.Rc7 Rb3+ 49.Kh2 Rf3
50.Ra7 Ne3 51.Ne1 Rf4 52.Kg3 Rg4+ 53.Kh3 Nf5 54.Ng2 Rg3+ 55.Kh2 Rf3 56.Rb7 Ne3
57.Ne1 Rf1 58.Nd3 Nf5 59.Kg2 Rd1 60.Ne5 Nxh4+ 61.Kf2 Kf6 62.Nxf7 Nf5 63.Nh8 Rd8
64.Rf7+ Kg5 65.Rh7 Nd6 66.Kg2 Rf8 67.Kg1 Rb8 68.Kg2 Rb7 69.Rxb7 Nxb7  0-1

[Event "Eu Team Ch"]
[Site "Batumi GEO"]
[Date "1999.12.01"]
[Round "3"]
[White "Yrjola,J"]
[Black "Ilincic,Z"]
[Result "1-0"]
[WhiteElo "2412"]
[BlackElo "2577"]

1.d4 Nf6 2.c4 g6 3.Nc3 Bg7 4.e4 d6 5.Nf3 O-O 6.Be2 e5 7.O-O Na6 8.Be3 Ng4
9.Bg5 Qe8 10.dxe5 dxe5 11.h3 h6 12.Bd2 Nf6 13.Be3 Qe7 14.Qc1 Kh7 15.Nd5 Qd8
16.Rd1 Nd7 17.c5 c6 18.Bxa6 cxd5 19.Rxd5 bxa6 20.c6 Qe8 21.cxd7 Bxd7 22.Rc5 Qe6
23.Qc3 Rfc8 24.Rd1 Bc6 25.Rc1 Bb7 26.Qb4 Rxc5 27.Rxc5 Qe7 28.Rc4 Qxb4 29.Rxb4 Bc8
30.b3 f5 31.Rc4 Bb7 32.exf5 gxf5 33.Rc7 Bxf3 34.gxf3 f4 35.Bc5 Kh8 36.Kf1 Bf8
37.Bxf8 Rxf8 38.Rxa7 Rf6 39.Re7 Rc6 40.Rxe5 Kg7 41.Re4 Rf6 42.b4 Kg6 43.a4 Kg5
44.b5 axb5 45.axb5 Kh4 46.Kg2 Kg5 47.Re5+ Kh4 48.Rd5 h5 49.Kh2 Rf5 50.Rd4 Rxb5
51.Rxf4+ Kg5 52.Kg3 Rb3 53.Re4 Kf5 54.Re8 Kg5 55.Re5+ Kg6 56.Kf4 Rb4+ 57.Re4 Rb6
58.h4 Ra6 59.Re5 Ra4+ 60.Re4 Ra6 61.Rb4 Rf6+ 62.Kg3 Ra6 63.Rb5 Ra4 64.Rg5+ Kh6
65.f4 Ra3+ 66.f3 Ra1 67.f5 Ra4 68.f6 Ra7 69.Rf5 Rf7 70.Kf4 Kg6 71.Rg5+ Kh6
72.Kf5 Ra7 73.Rg6+ Kh7 74.Rg7+ Kh6 75.Re7 Ra5+ 76.Re5 Ra7 77.Re8 Ra5+ 78.Ke6 Ra6+
79.Kf7 Kh7 80.Re5 Ra7+ 81.Re7 Ra8 82.Rd7 Ra3 83.f4 Ra4 84.Kf8+ Kg6 85.f7 Ra8+
86.Ke7 Kg7 87.f5 Kh6 88.f6  1-0

[Event "Eu Team Ch"]
[Site "Batumi GEO"]
[Date "1999.12.01"]
[Round "3"]
[White "Erdogan,H"]
[Black "Ahn,M"]
[Result "1-0"]
[WhiteElo "2263"]
[BlackElo "2331"]

1.d4 Nf6 2.c4 g6 3.Nc3 Bg7 4.e4 d6 5.Be2 O-O 6.Nf3 e5 7.dxe5 dxe5 8.Qxd8 Rxd8
9.Bg5 c6 10.Nxe5 Re8 11.O-O-O Na6 12.Rd6 Be6 13.f4 Nc5 14.Bxf6 Bxf6 15.Rhd1 Bxe5
16.fxe5 a5 17.b3 Kf8 18.Kb2 Ke7 19.Ka3 Reb8 20.Na4 Nxe4 21.R6d4 f5 22.exf6+ Nxf6
23.Bf3 Rd8 24.Nc5 Rxd4 25.Rxd4 Rb8 26.Rd2 Bd7 27.Ka4 Be8 28.Ne4 Nxe4 29.Bxe4 b6
30.c5 bxc5 31.Kxa5 Rb5+ 32.Ka6 Bd7 33.Bd3 Bc8+ 34.Ka7 Rb7+ 35.Ka8 Rd7 36.Re2+ Kd6
37.Kb8 Rd8 38.Rd2  1-0

[Event "Eu Team Ch"]
[Site "Batumi GEO"]
[Date "1999.12.01"]
[Round "3"]
[White "Manninen,M"]
[Black "Solak,D"]
[Result "1/2-1/2"]
[WhiteElo "2426"]
[BlackElo "2457"]

1.d4 Nf6 2.c4 g6 3.Nc3 Bg7 4.e4 d6 5.Nf3 O-O 6.Be2 e5 7.dxe5 dxe5 8.Qxd8 Rxd8
9.Nd5 Nxd5 10.cxd5 c6 11.Bc4 b5 12.Bb3 Bb7 13.Bg5 Rc8 14.Rd1 Nd7 15.dxc6 Bxc6
16.Be3 Nb6 17.Bxb6 axb6 18.O-O Bf6  1/2-1/2

[Event "Eu Team Ch"]
[Site "Batumi GEO"]
[Date "1999.12.02"]
[Round "4"]
[White "Genov,Peta"]
[Black "Dydyshko,V"]
[Result "1/2-1/2"]
[WhiteElo "2410"]
[BlackElo "2521"]

1.d4 Nf6 2.c4 g6 3.Nc3 Bg7 4.e4 d6 5.Nf3 O-O 6.Be2 e5 7.d5 a5 8.Bg5 h6 9.Bh4 Na6
10.Nd2 Bd7 11.a3 Qe8 12.b3 Nh7 13.O-O h5 14.f3 Bh6 15.Kh1 Be3 16.Rb1 Nc5
17.Qc2 f5 18.b4 axb4 19.axb4 Na4 20.Nb5 Bxb5 21.cxb5 f4 22.Nc4 Bd4 23.Be1 Nb6
24.Na5 Qc8 25.Bd2 Nd7 26.Rfc1 Bb6 27.Nc4 Bd4 28.Na5 Bb6 29.Nc4 Bd4 30.Qd1  1/2-1/2

[Event "Eu Team Ch"]
[Site "Batumi GEO"]
[Date "1999.12.04"]
[Round "5"]
[White "O'Connell,G"]
[Black "Geenen,M"]
[Result "0-1"]
[WhiteElo "2201"]
[BlackElo "2347"]

1.d4 Nf6 2.c4 g6 3.Nc3 Bg7 4.e4 d6 5.Nf3 O-O 6.Be2 e5 7.O-O Qe8 8.d5 a5 9.Ne1 Na6
10.Nd3 Bd7 11.Be3 b6 12.Rb1 Nc5 13.Bf3 Qe7 14.b3 Ne8 15.a3 f5 16.b4 axb4
17.axb4 Na4 18.Nxa4 Bxa4 19.Qc1 Nf6 20.Bg5 Bd7 21.Re1 Ra2 22.Ra1 Rfa8 23.Rxa2 Rxa2
24.Qb1 Ra3 25.Bc1 Rc3 26.c5 fxe4 27.Bxe4 Nxe4 28.Rxe4 Bf5 29.Re3 Bh6 30.Bb2 Bxe3
31.Bxc3 Bxf2+ 32.Kxf2 Qh4+ 33.Kg1 Qc4 34.Qa1 Qxd3 35.cxd6 cxd6 36.Qa8+ Kg7
37.Qd8 Qe3+  0-1

[Event "FSIMA December"]
[Site "Budapest HUN"]
[Date "1999.12.04"]
[Round "1"]
[White "Keatinge Clay,A"]
[Black "Bognar,C"]
[Result "1-0"]
[WhiteElo "2278"]
[BlackElo "2237"]

1.d4 Nf6 2.c4 g6 3.Nc3 Bg7 4.e4 d6 5.Nf3 O-O 6.Be2 Nbd7 7.O-O e5 8.Re1 Nh5
9.Bg5 f6 10.Be3 Nf4 11.Bf1 a5 12.Rc1 Ne6 13.a3 c5 14.dxc5 dxc5 15.b4 axb4
16.axb4 cxb4 17.Nb5 Ndc5 18.Qd5 Qe7 19.Nd6 Ra5 20.Ra1 Rxa1 21.Rxa1 b6 22.Bxc5 bxc5
23.Nxc8 Rxc8 24.Ra7 Qe8 25.Ra6 Kf7 26.g3 Rc7 27.Bh3 Re7 28.Bxe6+ Rxe6 29.Ra7+ Kg8
30.Ra8  1-0

[Event "FSGM December"]
[Site "Budapest HUN"]
[Date "1999.12.04"]
[Round "1"]
[White "Lipinsky,F"]
[Black "Wang Rui"]
[Result "1-0"]
[WhiteElo "2331"]
[BlackElo "2396"]

1.d4 Nf6 2.c4 g6 3.Nf3 Bg7 4.Nc3 O-O 5.e4 d6 6.Be2 Na6 7.O-O e5 8.Be3 Ng4
9.Bg5 Qe8 10.h3 h6 11.Bc1 exd4 12.Nxd4 Nf6 13.Bf3 Nd7 14.Ndb5 Qd8 15.Be3 Nac5
16.Qd2 Kh7 17.Rac1 a6 18.Nd4 Nf6 19.b4 Ncd7 20.Rfd1 Re8 21.Qc2 a5 22.bxa5 Rxa5
23.Nb3 Ra8 24.c5 dxc5 25.Nxc5 Qe7 26.Nxd7 Bxd7 27.e5 Qxe5 28.Bd4 Qf5 29.Bxb7 Rab8
30.Bf3 Qxc2 31.Rxc2 Bf5 32.Rcc1 Rbd8 33.a4 Ne4 34.Bxg7 Rxd1+ 35.Rxd1 Kxg7
36.Nxe4 Bxe4 37.Re1 f5 38.Bxe4 fxe4 39.Rc1 e3 40.Rxc7+ Kf6 41.Rc6+ Kg5 42.Rc5+ Kf6
43.fxe3 Rxe3 44.a5 Ra3 45.h4 Ra4 46.h5 gxh5 47.Rxh5 Kg6 48.Rb5 Ra2 49.Kh2 Ra3
50.g3 Ra2+ 51.Kh3 h5 52.Rd5 Kh6 53.Rc5 Kg6 54.Rc6+ Kg5 55.Ra6 Ra3 56.Ra8 h4
57.a6 Kg6 58.Kxh4 Ra4+ 59.Kh3  1-0

[Event "FSIMA December"]
[Site "Budapest HUN"]
[Date "1999.12.04"]
[Round "1"]
[White "Szeberenyi,A"]
[Black "Khamatgaleev,A"]
[Result "1/2-1/2"]
[WhiteElo "2357"]
[BlackElo "2435"]

1.d4 Nf6 2.c4 g6 3.Nc3 Bg7 4.e4 d6 5.Nf3 O-O 6.Be2 e5 7.O-O Na6 8.Be3 Ng4
9.Bg5 Qe8 10.dxe5 dxe5 11.h3 h6 12.Bd2 Nf6 13.Be3 Qe7 14.a3 c6 15.b4  1/2-1/2

[Event "ch-NED (qualifier KO)"]
[Site "Rotterdam NED"]
[Date "1999.12.05"]
[Round "1.2"]
[White "Van de Mortel,J"]
[Black "Bosboom,M"]
[Result "0-1"]
[WhiteElo "2403"]
[BlackElo "2476"]

1.d4 Nf6 2.Nf3 g6 3.c4 Bg7 4.Nc3 O-O 5.e4 d6 6.Be2 e5 7.d5 a5 8.Nd2 Ne8 9.h4 f5
10.h5 Na6 11.Nb3 b6 12.hxg6 hxg6 13.exf5 gxf5 14.g4 Nf6 15.g5 Ne4 16.Nxe4 fxe4
17.Be3 Rf4 18.Qd2 a4 19.Nc1 Qxg5 20.b4 Qg2 21.Rh5 Bh3 22.Rxh3 Qxh3 23.Bf1 Qh4
24.Rb1 Bh6 25.c5 bxc5 26.Bxa6 Rxa6 27.Kd1 cxb4 28.Rxb4 Rf6 29.Bxh6 Qxh6 30.Rb8+ Kh7
31.Qe2 Qh1+ 32.Kc2 Ra5 33.Qg4 Rc5+ 34.Kb2 Qxc1+  0-1

[Event "Eu Team Ch (women)"]
[Site "Batumi GEO"]
[Date "1999.12.06"]
[Round "7"]
[White "Janevska,A"]
[Black "Shukurova,M"]
[Result "0-1"]
[WhiteElo "2032"]
[BlackElo "2204"]

1.d4 Nf6 2.c4 g6 3.Nc3 Bg7 4.e4 d6 5.Be2 O-O 6.Nf3 e5 7.d5 Nbd7 8.Nd2 h6
9.h4 c6 10.g4 cxd5 11.cxd5 Ne8 12.Nc4 a6 13.a4 f5 14.gxf5 gxf5 15.exf5 Nc5
16.Be3 Bxf5 17.b4 e4 18.Rc1 Nd3+ 19.Bxd3 exd3 20.Nb6 Rb8 21.Qh5 Qf6 22.Rg1 Kh7
23.Kd2 Qe5 24.Nc4 Qf6 25.Nb6 Rf7 26.Nd1 Rc7 27.Rxc7 Nxc7 28.Qf3 Rf8 29.Qf4 Qa1
30.Qc4 Na8 31.Nxa8 b5 32.axb5 axb5 33.Qb3 Rxa8 34.Rxg7+ Qxg7 35.Nb2 Qg6 36.Qc3 Rc8  0-1

[Event "Eu Team Ch"]
[Site "Batumi GEO"]
[Date "1999.12.06"]
[Round "7"]
[White "Topalov,V"]
[Black "Movsesian,S"]
[Result "1-0"]
[WhiteElo "2690"]
[BlackElo "2659"]

1.d4 Nf6 2.c4 g6 3.Nc3 Bg7 4.e4 d6 5.Nf3 O-O 6.Be2 e5 7.O-O Nbd7 8.Be3 Qe7
9.d5 c5 10.Bg5 h6 11.Bd2 Ne8 12.g3 Ndf6 13.Nh4 Bh3 14.Re1 Kh7 15.Rb1 b6 16.a3 Bd7
17.b4 Qd8 18.Bd3 Ng8 19.Qc2 Rc8 20.bxc5 dxc5 21.f4 Nd6 22.a4 Ne7 23.Nb5 Bxb5
24.axb5 Qd7 25.fxe5 Bxe5 26.Nf3 f6 27.Nxe5 fxe5 28.Bc3 Nf7 29.Rf1 Rce8 30.Kh1 g5
31.Rf6 Ng6 32.Rbf1 Nd6 33.Rxf8 Nxf8 34.Be2 Kg7 35.Bh5 Re7 36.Qe2 Nh7 37.Bg4 Qe8
38.Bf5 Nf6 39.Kg2 Qg8 40.h4 g4 41.Bxg4 Nfxe4 42.Be1 Qh7 43.Kh3 Rf7 44.Rxf7+ Nxf7
45.Be6 Ned6 46.Bxf7 Nxf7 47.Qf3 Qg6 48.Bc3 Qf6 49.Qg4+ Kh7 50.Kg2 Qg6 51.Qxg6+ Kxg6
52.g4 Kf6 53.Kf3 Nd6 54.Bd2 Kg7 55.Bc1 Kg6 56.h5+ Kg7 57.Ke3 Nf7 58.Kd3 Kf6
59.Bd2 Kg7 60.Be1 Nd6 61.Bg3 Kf6 62.Bh4+ Kf7 63.g5 e4+ 64.Kc3 Nf5 65.g6+ Kg7
66.Bd8 e3 67.Kd3 Kf8 68.Bc7 Ng7 69.Kxe3 Ke7 70.Be5  1-0

[Event "FSIMA December"]
[Site "Budapest HUN"]
[Date "1999.12.06"]
[Round "3"]
[White "Orso,M"]
[Black "Khamatgaleev,A"]
[Result "1/2-1/2"]
[WhiteElo "2339"]
[BlackElo "2435"]

1.d4 Nf6 2.c4 g6 3.Nc3 Bg7 4.e4 d6 5.Be2 O-O 6.Nf3 e5 7.O-O Na6 8.d5 Nc5
9.Nd2 Bh6 10.Qc2 a5 11.Nb3 Bxc1 12.Raxc1 Nxb3 13.Qxb3 Nd7 14.Qd1 Nc5 15.b3 Bd7
16.Qd2 Qe7 17.Bd1 f5 18.exf5 Bxf5 19.Bc2 Rf7 20.Bxf5 gxf5 21.f4 e4 22.Qd4 Rg7
23.Rc2 h6 24.Nd1 Kh7 25.Ne3 Qf7 26.g3 Rg6 27.Rg2 Rag8 28.Kh1 b6 29.Qd1 Rf6
30.Qd4 Rfg6 31.Qd1 Rf6 32.Qd4 Rfg6  1/2-1/2

[Event "Eu Team Ch"]
[Site "Batumi GEO"]
[Date "1999.12.07"]
[Round "9"]
[White "Atalik,S"]
[Black "Kozul,Z"]
[Result "1/2-1/2"]
[WhiteElo "2598"]
[BlackElo "2612"]

1.d4 Nf6 2.c4 g6 3.Nc3 Bg7 4.e4 d6 5.Nf3 O-O 6.Be2 e5 7.O-O c6 8.Re1 exd4
9.Nxd4 Re8 10.Bf1 Ng4 11.h3 Qb6 12.Bf4 Qxd4 13.hxg4 Qxd1 14.Raxd1 Be5 15.Be3  1/2-1/2

[Event "Open"]
[Site "Las Palmas ESP"]
[Date "1999.12.08"]
[Round "8"]
[White "Hernandez,Jo"]
[Black "Cramling,P"]
[Result "0-1"]
[WhiteElo "2275"]
[BlackElo "2504"]

1.d4 Nf6 2.Nf3 g6 3.c4 Bg7 4.Nc3 O-O 5.e4 d6 6.Be2 Na6 7.O-O e5 8.Be3 Ng4
9.Bg5 Qe8 10.d5 h6 11.Bd2 f5 12.Ne1 Nf6 13.f3 h5 14.Nd3 f4 15.b4 Rf7 16.a3 Bf8
17.Rc1 g5 18.Nf2 Rg7 19.h3 Be7 20.Be1 Kh8 21.Nb1 Bd7 22.Rc3 Qg6 23.Nd2 Rag8
24.Kh2 Rh7 25.Kg1 Qh6 26.Nb3 g4 27.fxg4 hxg4 28.Bxg4 Bxg4 29.Nxg4 Rxg4 30.hxg4 Qh2+
31.Kf2 Nxe4+ 32.Kf3 Nxc3  0-1

[Event "FSIMA December"]
[Site "Budapest HUN"]
[Date "1999.12.09"]
[Round "6"]
[White "Petran,Pa"]
[Black "Jurkovic,A"]
[Result "0-1"]
[WhiteElo "2371"]
[BlackElo "2339"]

1.d4 Nf6 2.Nf3 g6 3.c4 Bg7 4.Nc3 O-O 5.e4 d6 6.Be2 e5 7.O-O Na6 8.Be3 Ng4
9.Bg5 Qe8 10.dxe5 Nxe5 11.Nd4 f6 12.Be3 c6 13.f4 Nf7 14.Qd2 Qe7 15.Bf3 Be6
16.b3 Bd7 17.Rfe1 Rfe8 18.Rab1 Qd8 19.a3 Qc7 20.b4 Rad8 21.Rbd1 Bc8 22.Qf2 Nb8
23.Rc1 Qe7 24.b5 Nh6 25.h3 Qf7 26.bxc6 bxc6 27.g4 Kh8 28.c5 dxc5 29.Nde2 Na6
30.Ng3 Qb3 31.Nb1 Nf7 32.Nf1 g5 33.Nfd2 Qe6 34.Nc4 gxf4 35.Bxf4 Ne5 36.Be2 Rd4
37.Nbd2 Red8 38.Rc3 Qe8 39.Rg3 Nf7 40.Bf1 Ne5 41.Be3 R4d7 42.Be2 Rf7 43.Qg2 Qe7
44.Rf1 Rdf8 45.Rc1 Ng6 46.Qf2 Rd8 47.Rf3 Rff8 48.Qg3 Nc7 49.Na5 Ne5 50.Rf2 Ne6
51.Nf3 Qc7 52.Nb3 Nd3 53.Qxc7 Nxc7 54.Bxd3 Rxd3 55.Bxc5 Rfd8 56.Na5 Bh6 57.Re1 Ne6
58.Nxc6 Nxc5 59.g5 fxg5 60.Nxd8 Rxd8 61.Ne5 Re8 62.Nf7+ Kg7 63.Nd6 Rd8 64.e5 g4
65.Rf7+ Kg8 66.Rc7 Be6 67.Rxc5 gxh3 68.Rc3 Bf4 69.Rf3 h2+ 70.Kf2 Bxe5 71.Ne4 Rb8
72.Kg2 Bd5 73.Rfe3 Bf4 74.R3e2 Rb3  0-1

[Event "4th Comtois It"]
[Site "Belfort FRA"]
[Date "1999.12.14"]
[Round "2"]
[White "Zvjaginsev,V"]
[Black "Fedorov,A"]
[Result "1/2-1/2"]
[WhiteElo "2652"]
[BlackElo "2659"]

1.d4 Nf6 2.c4 g6 3.Nc3 Bg7 4.e4 d6 5.Be2 O-O 6.Nf3 e5 7.d5 a5 8.Bg5 h6 9.Be3 Ng4
10.Bc1 Na6 11.O-O Nf6 12.Nd2 Bd7 13.a3 Nc5 14.b3 Nh7 15.Bb2 f5 16.b4 Nxe4
17.Ndxe4 fxe4 18.Nxe4 Nf6 19.Nxf6+  1/2-1/2

[Event "FSIMA December"]
[Site "Budapest HUN"]
[Date "1999.12.14"]
[Round "11"]
[White "Petran,Pa"]
[Black "Bognar,C"]
[Result "1/2-1/2"]
[WhiteElo "2371"]
[BlackElo "2237"]

1.Nf3 Nf6 2.c4 g6 3.Nc3 Bg7 4.e4 d6 5.d4 O-O 6.Be2 Nbd7 7.O-O e5 8.Qc2 Nh5
9.Rd1 Nf4 10.Bf1 exd4 11.Nxd4 Ne6 12.Be3 Ne5 13.f3 b6 14.Qd2 f5 15.exf5 Nxd4
16.Bxd4 Bxf5 17.Be3 Qf6 18.Nd5 Qf7 19.Bg5 Rae8 20.Rac1 Bc8 21.Bh6 Bxh6 22.Qxh6 c6
23.Nc3 Nxc4 24.Bxc4 Qxc4 25.Ne4 Qxa2 26.Rxd6 Qxb2 27.Rdxc6 Rxe4 28.Rxc8 Re1+
29.Rxe1 Rxc8 30.h4 Qb4 31.Re4 Qc5+ 32.Kh2 Qd6+ 33.Kh3 Qd7+ 34.Kh2 Qd6+ 35.Kh3 Qd7+
36.Kh2  1/2-1/2

[Event "Open"]
[Site "Zadar CRO"]
[Date "1999.12.14"]
[Round "2"]
[White "Shariyazdanov,A"]
[Black "Bilobrk,F"]
[Result "1/2-1/2"]
[WhiteElo "2588"]
[BlackElo "2369"]

1.d4 Nf6 2.c4 g6 3.Nc3 Bg7 4.e4 d6 5.Be2 O-O 6.Nf3 e5 7.O-O Na6 8.Re1 exd4
9.Nxd4 c6 10.Bf4 Re8 11.Bf3 Ng4 12.Nxc6 bxc6 13.Bxg4 Bxg4 14.Qxg4 Nc5 15.Qf3 Re6
16.b4 Bxc3 17.Qxc3 Nxe4 18.Qb2 Qh4 19.Be3 Nf6 20.Qd4 Qxd4 21.Bxd4 Nd7 22.Kf1 c5
23.bxc5 dxc5 24.Rxe6 fxe6 25.Bc3 Kf7 26.Re1 Rb8 27.g4 Rb6 28.Re3 Ra6 29.Rh3 Nf8
30.Be5 Ke8 31.a3 Ra4 32.Rc3 Nd7 33.Bc7 Nb6 34.Bxb6 axb6 35.Ke2 Ke7 36.Kd3 Kd6
37.f4 Kc6 38.Rb3 Ra7 39.Ke4 Ra4 40.Kd3 Ra7 41.Ke3 Ra4  1/2-1/2

[Event "ch-ROM (women)"]
[Site "Lasi ROM"]
[Date "1999.12.15"]
[Round "1"]
[White "Olarasu,G"]
[Black "Voicu,C"]
[Result "1-0"]
[WhiteElo "2298"]
[BlackElo "2166"]

1.Nf3 Nf6 2.c4 g6 3.Nc3 Bg7 4.e4 d6 5.d4 O-O 6.Be2 e5 7.d5 a5 8.Bg5 h6 9.Bh4 Na6
10.Nd2 Qe8 11.O-O Nh7 12.Kh1 h5 13.f3 Bd7 14.a3 Bh6 15.b3 Nc5 16.Ra2 f5 17.exf5 gxf5
18.b4 axb4 19.axb4 Rxa2 20.Nxa2 Na4 21.Nb3 Qg6 22.Na5 Kh8 23.Nxb7 Be3 24.Qd3 Rg8
25.g3 Bg5 26.Bxg5 Nxg5 27.c5 h4 28.g4 e4 29.Qd4+ Kh7 30.f4 Bb5 31.gxf5 Qxf5
32.fxg5 Qxg5 33.Qxe4+ Rg6 34.Bxb5 h3 35.Re1 Qd2 36.Bd3  1-0

[Event "ch-RUS KO"]
[Site "Moscow RUS"]
[Date "1999.12.15"]
[Round "1.1"]
[White "Pushkov,N"]
[Black "Korotylev,A"]
[Result "0-1"]
[WhiteElo "2553"]
[BlackElo "2480"]

1.Nf3 Nf6 2.c4 g6 3.Nc3 Bg7 4.e4 O-O 5.d4 d6 6.Be2 e5 7.Be3 Ng4 8.Bg5 f6
9.Bh4 Nc6 10.d5 Ne7 11.Nd2 Nh6 12.Qc2 g5 13.Bg3 f5 14.f3 Ng6 15.O-O-O Nf4
16.Rhg1 Kh8 17.Rde1 c5 18.Bd3 a6 19.Kb1 Bd7 20.Bxf4 exf4 21.g3 Rb8 22.gxf4 gxf4
23.Nb3 b5 24.Qg2 Rg8 25.Qd2 bxc4 26.Bxc4 Rb4 27.Qd3 Nf7 28.exf5 Ne5 29.Rxe5 Bxe5
30.Rxg8+ Qxg8 31.a3 Rb8 32.Ka2 Qg2 33.Bxa6 Qxh2 34.Nd1 Qh5 35.Qe2 Qxf5 36.Bd3 Qf7
37.Qe4 Bc6 38.Bc4 Ba4 39.Nf2 Qb7 40.Qd3 Qg7 41.Ne4 Bxb2 42.Nxd6 Be5 43.Nb5 Qg2+
44.Nd2 Bxb5 45.Bxb5 c4  0-1

[Event "7th Solana It 2nd event"]
[Site "Solin CRO"]
[Date "1999.12.15"]
[Round "4"]
[White "Tukmakov,V"]
[Black "Kozul,Z"]
[Result "1/2-1/2"]
[WhiteElo "2557"]
[BlackElo "2612"]

1.Nf3 Nf6 2.c4 g6 3.Nc3 Bg7 4.e4 d6 5.d4 O-O 6.Be2 e5 7.O-O Na6 8.Re1 c6
9.Bf1 exd4 10.Nxd4 Qb6 11.Rb1 Ng4 12.Nce2 Ne5 13.Ng3 Bg4 14.Qb3 Nc5 15.Qc2 h5
16.Be3 Qd8 17.f4 h4 18.Nh1 Ned7 19.Nf2 Bh5 20.g4 hxg3 21.hxg3 g5 22.Nf5 gxf4
23.gxf4 Qf6 24.Bg2 Ne6 25.Qd2 Rfe8 26.Nxd6 Red8 27.e5 Nxe5 28.fxe5 Qxe5 29.c5 Nxc5
30.Bg5 Qxd6 31.Re8+ Rxe8 32.Qxd6 Ne6 33.Be3 Rad8 34.Qg3 Nd4 35.Bxd4 Rxd4
36.Bf3 Bg6 37.Rd1 Rc4 38.Qc7 Bd4 39.Qd7 Bxf2+ 40.Kxf2 Re6 41.Qd2 Kg7 42.Rh1 f5
43.Qg5 Rc2+ 44.Kg3 Kf7 45.Qh6 Kf6  1/2-1/2

[Event "ch-RUS KO"]
[Site "Moscow RUS"]
[Date "1999.12.16"]
[Round "1.2"]
[White "Volkov,S"]
[Black "Lugovoi,A"]
[Result "0-1"]
[WhiteElo "2575"]
[BlackElo "2509"]

1.d4 Nf6 2.c4 g6 3.Nc3 Bg7 4.e4 d6 5.Be2 O-O 6.Nf3 e5 7.Be3 Ng4 8.Bg5 f6
9.Bh4 Nc6 10.d5 Ne7 11.O-O Nh6 12.Ne1 g5 13.Bg3 f5 14.f3 Ng6 15.Bf2 Nf4 16.c5 Nxe2+
17.Qxe2 f4 18.cxd6 cxd6 19.Rc1 g4 20.Nb5 g3 21.hxg3 fxg3 22.Bxg3 Qg5 23.Rxc8 Raxc8
24.Bf2 Qg6 25.Nxa7 Rc7 26.Nb5 Rd7 27.Nc2 Bf6 28.Ne3 Bg5 29.Nc4 Bf4 30.Be3 Bg3
31.Bf2 Bf4 32.Be3 Bg3 33.Bf2 Rf6 34.Rc1 Bf4 35.Be3 Bg3 36.Bf2 Bxf2+ 37.Qxf2 Nf7
38.Kf1 Ng5 39.Nd2 Rdf7 40.Qg3 h5 41.Ke2 Rf4 42.Rc8+ Kh7 43.Kd1 h4 44.Qh2 Nxe4
45.fxe4 Qg4+ 46.Nf3 Rxf3 47.gxf3 Rxf3 48.Rc7+ Kg6 49.Kc1 Rg3 50.Nxd6 Rg1+
51.Kc2 Rg2+ 52.Qxg2 Qxg2+ 53.Kb3 h3 54.Ne8 Qf3+ 55.Kc4 h2 56.Rg7+ Kh6 57.Rg8 Kh7
58.Rg7+ Kh8 59.Rd7 Qxe4+ 60.Kc5 h1=Q 61.Nf6 Qd4+ 62.Kd6 e4 63.Ke7 Kg7 64.Ke6+ Kg6  0-1

[Event "ch-RUS KO"]
[Site "Moscow RUS"]
[Date "1999.12.16"]
[Round "1.3"]
[White "Volkov,S"]
[Black "Lugovoi,A"]
[Result "1/2-1/2"]
[WhiteElo "2575"]
[BlackElo "2509"]

1.d4 Nf6 2.c4 g6 3.Nc3 Bg7 4.e4 d6 5.Be2 O-O 6.Nf3 e5 7.Be3 Ng4 8.Bg5 f6
9.Bh4 Nc6 10.d5 Ne7 11.Nd2 Nh6 12.f3 g5 13.Bf2 f5 14.O-O Ng6 15.c5 Nf4 16.cxd6 cxd6
17.Rc1 g4 18.exf5 Bxf5 19.Kh1 gxf3 20.Nxf3 Ng4 21.Bg1 Qf6 22.g3 Nxe2 23.Qxe2 Qh6
24.Nh4 Bd7 25.Ne4 Rac8 26.Rxc8 Rxc8 27.h3 Nf6 28.Nxd6 Nh5 29.Ndf5 Qg5 30.Qe3 Qxe3
31.Bxe3 Bf6 32.Kg2 Bb5 33.Nh6+ Kg7 34.N6f5+ Kh8 35.Rc1 Rxc1 36.Bxc1 Bc4 37.Ne3 Bxa2
38.Nhf5 Kg8 39.Kf3 Kf8 40.b4 b6 41.b5 Bb1 42.Ba3+ Kf7 43.Nd6+ Kg6 44.Ng4 Bd3
45.Ke3 Bf1 46.Ne4 Bxb5 47.Nexf6 Nxf6 48.Nxe5+ Kf5 49.Kd4 Bf1 50.g4+ Kf4 51.d6 Bxh3
52.Bc1+ Kg3 53.Bg5 Nxg4 54.Bh4+ Kg2 55.Nd3 Nh6 56.Nf4+ Kh2 57.Kd5 Nf7 58.Nxh3 Nxd6
59.Nf4 Nf5 60.Bf2 b5 61.Kc5  1/2-1/2

[Event "Vikings GMB"]
[Site "York ENG"]
[Date "1999.12.17"]
[Round "5"]
[White "Meister,P"]
[Black "McNab,C"]
[Result "1-0"]
[WhiteElo "2417"]
[BlackElo "2445"]

1.d4 d6 2.Nf3 g6 3.c4 Nd7 4.Nc3 e5 5.e4 Bg7 6.Be2 Ngf6 7.O-O O-O 8.Qc2 c6
9.Rd1 Qc7 10.Rb1 Re8 11.b4 a6 12.Bf1 d5 13.exd5 cxd5 14.c5 e4 15.Ne1 Nf8
16.Bg5 Rd8 17.Qb3 Bg4 18.Rd2 Qd7 19.Nc2 Ne6 20.Bh4 g5 21.Bg3 Nh5 22.Bd6 Nef4
23.Ne3 Be6 24.Na4 Qe8 25.Nb6 Ra7 26.Bc7 Rd7 27.Nxd7 Qxd7 28.Bd6 f5 29.b5 Nd3
30.Bxd3 exd3 31.bxa6 Rxa6 32.Qxb7 Qxb7 33.Rxb7 Bxd4 34.Rxd3 Ra4 35.Re7 Nf4
36.Bxf4 gxf4 37.Rxe6 fxe3 38.fxe3 Bxc5 39.Rxd5 Kf7 40.Ree5  1-0

[Event "Open"]
[Site "Zadar CRO"]
[Date "1999.12.17"]
[Round "7"]
[White "Loncar,R"]
[Black "Tratar,M"]
[Result "1/2-1/2"]
[WhiteElo "2429"]
[BlackElo "2442"]

1.d4 Nf6 2.Nf3 g6 3.c4 Bg7 4.Nc3 O-O 5.e4 d6 6.Be2 e5 7.O-O Nbd7 8.Be3 h6
9.dxe5 dxe5 10.Nd2 Nh7 11.c5 Ng5 12.Bc4 Nf6 13.f3 Nh5 14.Nb3 c6 15.Qxd8 Rxd8
16.Na5 Re8 17.Rad1 Bf6 18.Bb3 Kg7 19.Nc4 Ne6 20.Nd6 Re7 21.Ne2 Nhf4 22.Nc1 Nf8
23.g3 Nh3+ 24.Kg2 Ng5 25.h4 Nge6 26.Ne2 h5 27.Bc4 Nc7 28.b3 Ne8 29.f4 Be6
30.Bxe6 fxe6 31.fxe5 Bxe5 32.Bg5 Rc7 33.Nd4 Bxd4 34.Rxd4 Nh7 35.Bf4 Re7 36.Be5+ Kg8
37.Nc4 Nf8 38.Bd6 Rf7 39.Rxf7 Kxf7 40.Ne5+ Kg8 41.Nf3 Nxd6 42.e5 Kg7 43.exd6 Nd7
44.b4 a5 45.a3 axb4 46.axb4 b6 47.Ng5 e5 48.Rd2 bxc5 49.Rf2 Kh6 50.bxc5 Nxc5
51.Rc2  1/2-1/2

[Event "ch-RUS KO"]
[Site "Moscow RUS"]
[Date "1999.12.19"]
[Round "3.1"]
[White "Lastin,A"]
[Black "Kokorev,D"]
[Result "1/2-1/2"]
[WhiteElo "2552"]
[BlackElo "2370"]

1.d4 Nf6 2.Nf3 g6 3.c4 Bg7 4.Nc3 O-O 5.e4 d6 6.Be2 e5 7.O-O exd4 8.Nxd4 Re8
9.f3 c6 10.Kh1 Nbd7 11.Bg5 Qb6 12.Nb3 a5 13.Qc1 a4 14.Be3 Qd8 15.Nd4 Nc5
16.Qd2 Nfd7 17.Rad1 Qa5 18.Bf4  1/2-1/2

[Event "ch-ROM (women)"]
[Site "Lasi ROM"]
[Date "1999.12.20"]
[Round "6"]
[White "Grigorieva,A"]
[Black "Ionica,I"]
[Result "0-1"]
[WhiteElo "2143"]
[BlackElo "2211"]

1.d4 Nf6 2.Nf3 g6 3.c4 Bg7 4.Nc3 O-O 5.e4 d6 6.Be2 e5 7.dxe5 dxe5 8.Qxd8 Rxd8
9.Bg5 Re8 10.Nd5 Nxd5 11.cxd5 f6 12.Be3 f5 13.Bc4 Kh8 14.Ng5 h6 15.Ne6 Bxe6
16.dxe6 Nc6 17.O-O-O Na5 18.Bb5 Rxe6 19.Rd7 a6 20.Ba4 Rc8 21.Rhd1 b5 22.Bc2 f4
23.Rd8+ Re8 24.Rxe8+ Rxe8 25.Bd2 Nc6 26.Bb3 Rd8 27.Bd5 Nd4 28.Ba5 Rb8 29.Rd3 c6
30.Bf7 Kh7 31.a3 Bf6 32.Ba2 c5 33.Be1 c4 34.Rd1 Be7 35.f3 Rc8 36.Kb1 Bc5
37.Bc3 Kg7 38.Rd2 Kf6 39.Rd1 g5 40.Be1 h5 41.h3 g4 42.Bh4+ Kg6 43.fxg4 hxg4
44.hxg4 Rh8 45.g3 f3 46.Rf1 Rf8 47.g5 f2  0-1

[Event "WGM"]
[Site "Groningen NED"]
[Date "1999.12.21"]
[Round "3"]
[White "Bosboom Lanchava,T"]
[Black "Kovalevskaya,E"]
[Result "0-1"]
[WhiteElo "2297"]
[BlackElo "2497"]

1.d4 Nf6 2.c4 d6 3.Nc3 Nbd7 4.e4 e5 5.Nf3 g6 6.Be2 Bg7 7.O-O O-O 8.Re1 c6
9.Bf1 a5 10.Rb1 Re8 11.a3 exd4 12.Nxd4 Nc5 13.f3 a4 14.Be3 Nfd7 15.Kh1 Ne5
16.Be2 Qa5 17.Qd2 Be6 18.Nxe6 Rxe6 19.Qc2 Ned7 20.Na2 Nb3 21.Nb4 Rae8 22.Bf2 Nd4
23.Qd1 Nxe2 24.Rxe2 f5 25.Rd2 fxe4 26.Rxd6 Rxd6 27.Qxd6 Qf5 28.fxe4 Rxe4
29.Nd3 Be5 30.Nxe5 Rxe5 31.Rg1 Qxf2 32.Qxd7 Re1 33.Qc8+ Kg7 34.Qd7+ Kh6 35.Qh3+ Kg5
36.Qg3+ Qxg3 37.hxg3 Rxg1+ 38.Kxg1 Kg4  0-1